Online
Catalog

Himnos, epigramas y fragmentos / (Record no. 2577)

MARC details
000 -CABECERA
campo de control de longitud fija 01012cam a2200277 a 4500
001 - NÚMERO DE CONTROL
campo de control 000002743
005 - FECHA Y HORA DE LA ÚLTIMA TRANSACCIÓN
campo de control 20200929150241.0
008 - DATOS DE LONGITUD FIJA--INFORMACIÓN GENERAL
campo de control de longitud fija 810106s1980 sp b 001 p spa d
020 ## - NÚMERO INTERNACIONAL ESTÁNDAR DEL LIBRO
Número Internacional Estándar del Libro 8424935497
040 ## - FUENTE DE LA CATALOGACIÓN
Centro catalogador/agencia de origen DO-SdBNP
Lengua de catalogación spa
Centro/agencia transcriptor BNPHU
041 17 - CÓDIGO DE LENGUA
Código de lengua del texto/banda sonora o título independiente spa
Código de lengua original grc
082 ## - NÚMERO DE LA CLASIFICACIÓN DECIMAL DEWEY
Número de clasificación 884.8
Número de documento/Ítem C578h
100 0# - ENTRADA PRINCIPAL--NOMBRE DE PERSONA
Nombre de persona Cirene, Calímaco de
Fechas asociadas al nombre 310? - 235? A. C
9 (RLIN) 8639
245 10 - MENCIÓN DE TÍTULO
Título Himnos, epigramas y fragmentos /
Mención de responsabilidad, etc. Calímaco ; introducciones, traducción y notas de Luis Alberto de Cuenca y Prado, Máximo Brioso Sánchez.
260 ## - PUBLICACIÓN, DISTRIBUCIÓN, ETC.
Lugar de publicación, distribución, etc. Madrid :
Nombre del editor, distribuidor, etc. Gredos,
Fecha de publicación, distribución, etc. 1980.
300 ## - DESCRIPCIÓN FÍSICA
Extensión 318 p ;
Dimensiones 20 cm.
490 1# - MENCIÓN DE SERIE
Mención de serie Biblioteca Clásica Gredos ;
Designación de volumen o secuencia no. 33
504 ## - NOTA DE BIBLIOGRAFÍA, ETC.
Nota de bibliografía, etc. Incluye índice
504 ## - NOTA DE BIBLIOGRAFÍA, ETC.
Nota de bibliografía, etc. Incluye referencias bibliográficas y notas al pie de páginas
650 #4 - PUNTO DE ACCESO ADICIONAL DE MATERIA--TÉRMINO DE MATERIA
Término de materia o nombre geográfico como elemento de entrada Poesía lírica
9 (RLIN) 3066
650 #4 - PUNTO DE ACCESO ADICIONAL DE MATERIA--TÉRMINO DE MATERIA
Término de materia o nombre geográfico como elemento de entrada Poesía griega
9 (RLIN) 5285
700 1# - PUNTO DE ACCESO ADICIONAL--NOMBRE DE PERSONA
Nombre de persona Cuenca y Prado, Luis Alberto de,
Fechas asociadas al nombre 1950-
Término indicativo de función/relación tr.
9 (RLIN) 8640
700 1# - PUNTO DE ACCESO ADICIONAL--NOMBRE DE PERSONA
Nombre de persona Brioso Sánchez, Máximo,
Término indicativo de función/relación tr.
9 (RLIN) 8641
830 #0 - PUNTO DE ACCESO ADICIONAL DE SERIE-TÍTULO UNIFORME
Título uniforme Biblioteca Clásica Gredos ;
Designación de volumen o secuencia no. 33
9 (RLIN) 8642
910 ## - DATOS DE OPCIÓN DEL USUARIO (OCLC)
Datos de opción del usuario En proceso
Holdings
Estado de retiro Estado de pérdida Restricciones de uso No para préstamo Código de colección Localización permanente Ubicación/localización actual Ubicación en estantería Fecha de adquisición Número de inventario Total de préstamos Signatura topográfica completa Código de barras Fecha visto por última vez Precio válido a partir de Tipo de ítem Koha
    Préstamo interno   Monografías: Libros y Folletos General General En catalogación 03.07.2009 LF1   884.8 C578h 2743-10 25.06.2020 25.06.2020 Préstamo interno

Powered by Koha